000 00963nam a2200301Ia 4500
001 A4087
003 IT-RoPAU
008 130308s9999 xx 000 0 und d
040 _aIT-RoPAU
040 _cIT-RoPAU
041 _aINGLESE
100 _aDegli Antoni Gianni
100 _gCodice Aut. SPICS: 7446
245 _aFrom Reality to Hypermedia Through Artificial Reality
245 _bMultimedialita'-Convegno internazionale di Studi (Ferrara 1989)
250 _a1a ed.
260 _aROMA
260 _bPresidenza Consiglio Ministri
260 _c1989 [1° Ed.:1989 - Ed.Ling.Originale:1989]
300 _a"4 p. (prefazione: no ; testo: 4 [pagine: 19-22])"
500 _aDalla Realtà Agli ipermedia Tramite la Realtà Artificiale. Uso della Metafora. ruolo dell'Animazione. Uso della Voce.
650 _aSAGGI SULLA MULTIMEDIALITA'
650 _eCodice materia Spics: 4257
942 _cBK
957 _71
999 _c46583
_d46583
999 _bSI
999 _g1